| 000 | 00750nam a22001577a 4500 | ||
|---|---|---|---|
| 003 | OSt | ||
| 005 | 20160516143028.0 | ||
| 008 | 160516b xxu||||| |||| 00| 0 eng d | ||
| 040 | _cRUA | ||
| 082 | _aAGR SOR 2010 B470 Or.1 | ||
| 100 |
_98342 _aSORN SREYLEAK; សន ស្រីលក្ខណ៏ |
||
| 245 | _aEffect of chicken manure with diffrent spacing on chinese radish in sandy loam soil condition; ប្រសិទ្ធភាពជីលាមកមាន់ ក្នុងចន្លោះគុម្ពផ្សេងគ្នាលើដំណាំឆៃថាវ ក្នុងលក្ខខណ្ឌដីល្បាយខ្សាច់ | ||
| 260 |
_aPhnom Penh _bRUA _c2010 |
||
| 300 |
_ax;49p. _bill. _c29cm. |
||
| 942 |
_2ddc _cAGR |
||
| 999 |
_c7992 _d7992 |
||